Women in the Third World (Record no. 9919)

MARC details
000 -LEADER
fixed length control field 00589nam a2200229 a 4500
020 ## - INTERNATIONAL STANDARD BOOK NUMBER
ISBN 0883441
082 00 - DEWEY DECIMAL CLASSIFICATION NUMBER
Classification number 025
Author Cutter FEN
100 ## - MAIN ENTRY--AUTHOR NAME
Author name Fenton, Thomas P
245 ## - TITLE STATEMENT
Title Women in the Third World
Sub title a Directory of Resources
260 ## - PUBLICATION, DISTRIBUTION, ETC. (IMPRINT)
Place of publication New York
Name of publisher Orbis Books
Year of publication 1987
300 ## - PHYSICAL DESCRIPTION
Number of Pages 141p.
500 ## - GENERAL NOTE
General note includes index and biblioraphy
505 2# - FORMATTED CONTENTS NOTE
Formatted contents note Academy Series No.64
650 ## - SUBJECT ADDED ENTRY--TOPICAL TERM
Topical Term Women-Directory
942 ## - ADDED ENTRY ELEMENTS (KOHA)
Koha item type Books
Holdings
Collection code Home library Current library Date acquired Cost, normal purchase price Full call number Accession Number Koha item type
  Henry Martyn Institute Library Henry Martyn Institute Library 04/21/2008 410.00 025 FEN 019650 Books
                   Copyright © 2026 | Henry Martyn Institute | Hyderabad | TS-500052 | INDIA | Implemented by hmi.edu.in
Hit-Count:

Powered by Koha